[Event "TCh-HUN 2012-13"]
[Site "Nagykanizsa HUN"]
[Date "2012.12.02"]
[Round "5"]
[White "Kovacs,Laj2"]
[Black "Kantor,G"]
[Result "1/2-1/2"]
[BlackTitle "FM"]
[WhiteElo "2229"]
[BlackElo "2310"]
[WhiteTeam "Dunaharaszti MTK"]
[BlackTeam "Aquaprofit-NTSK"]
[WhiteFideId "735299"]
[BlackFideId "751499"]
[EventDate "2012.09.16"]
[EventType "team-tourn"]

1. d4 Nf6 2. Nf3 e6 3. e3 d5 4. c4 a6 5. a4 c5 6. Nc3 Nc6 7. Be2 dxc4 8. Bxc4
Be7 9. O-O O-O 10. Ba2 Qc7 11. Qe2 Rd8 12. Rd1 b6 13. d5 exd5 14. Nxd5 Nxd5 15.
Bxd5 Bf6 16. e4 Bg4 17. Bf4 Qxf4 18. Bxc6 Rab8 19. Rxd8+ Rxd8 20. Bd5 Be5 21.
Qe3 Qxe3 22. fxe3 Bf6 23. Rd1 Be6 24. b3 b5 25. axb5 axb5 26. Rd2 Bc3 27. Rd3
Bb2 28. Kf2 Bxd5 29. Rxd5 Rc8 30. Rd2 Bc3 31. Rd3 Bb4 32. Rd1 g6 33. Ke2 Ra8 34.
Ne5 Ra2+ 35. Kf3 Rb2 36. Rd8+ Kg7 37. Rb8 Bc3 38. Nd3 Rxb3 39. Nxc5 Rb1 40. Rb7
b4 41. Ne6+ Kf6 42. Nd4 h5 43. Rb5 Kg7 44. e5 Kh6 45. Rb7 Rd1 46. Ke4 Rf1 47.
Nf3 1/2-1/2

[Event "TCh-HUN 2012-13"]
[Site "Nagykanizsa HUN"]
[Date "2012.12.02"]
[Round "5"]
[White "Zsirai,P"]
[Black "Manyoki,A"]
[Result "1-0"]
[WhiteElo "2195"]
[BlackElo "1985"]
[WhiteTeam "Aquaprofit-NTSK"]
[BlackTeam "Dunaharaszti MTK"]
[WhiteFideId "727423"]
[BlackFideId "731056"]
[EventDate "2012.09.16"]
[EventType "team-tourn"]

1. e4 e5 2. Nf3 Nc6 3. Bc4 Bc5 4. c3 Nf6 5. d3 a6 6. Bb3 d6 7. h3 Ba7 8. Nbd2
O-O 9. Nf1 h6 10. g4 d5 11. Qe2 dxe4 12. dxe4 Nh7 13. Ng3 Be6 14. Nf5 Bxb3 15.
axb3 Ng5 16. Nxg5 hxg5 17. h4 gxh4 18. g5 g6 19. Qg4 f6 20. Qxh4 Kf7 21. Qh7+
Ke6 22. Qxg6 Ne7 23. Nxe7 Qxe7 24. Rh7 Qe8 25. Qf5+ Kd6 26. g6 Qe6 27. Bh6 1-0

[Event "TCh-HUN 2012-13"]
[Site "Szombathely HUN"]
[Date "2012.12.02"]
[Round "5"]
[White "Nemeth,Mi2"]
[Black "Roganovic,Milo"]
[Result "1/2-1/2"]
[BlackTitle "IM"]
[WhiteElo "2086"]
[BlackElo "2518"]
[WhiteTeam "Hungaropharma Decs"]
[BlackTeam "Hungaropharma Decs"]
[WhiteFideId "734128"]
[BlackFideId "937614"]
[EventDate "2012.09.16"]
[EventType "team-tourn"]

1. e4 c5 2. Nf3 d6 3. d4 cxd4 4. Qxd4 Bd7 5. c4 Nc6 6. Qd2 g6 7. Nc3 Bg7 8. Be2
Qa5 9. Nd5 Qxd2+ 10. Bxd2 Rc8 11. O-O Nf6 12. Bc3 Nh5 13. Bxg7 Nxg7 14. Rfd1 Bg4
15. Nd4 Bxe2 16. Nxe2 e6 17. Ne3 Ke7 1/2-1/2

[Event "TCh-HUN 2012-13"]
[Site "Szombathely HUN"]
[Date "2012.12.02"]
[Round "5"]
[White "Toth,E"]
[Black "Kovacs,Ga4"]
[Result "0-1"]
[WhiteTitle "IM"]
[WhiteElo "2473"]
[BlackElo "1990"]
[WhiteTeam "Hungaropharma Decs"]
[BlackTeam "Toth Laszlo SE"]
[WhiteFideId "726559"]
[BlackFideId "764558"]
[EventDate "2012.09.16"]
[EventType "team-tourn"]

1. d4 d5 2. c4 e6 3. Nc3 Be7 4. Nf3 Nf6 5. cxd5 exd5 6. Bg5 c6 7. Qc2 g6 8. e3
Bf5 9. Bd3 Bxd3 10. Qxd3 Nbd7 11. h3 O-O 12. Nd2 Re8 13. O-O Nb6 14. a3 a5 15.
Qc2 Nfd7 16. Bf4 Nf8 17. Rad1 Ne6 18. Be5 Bf8 19. Rfe1 a4 20. Nf3 Ra5 21. e4
dxe4 22. Rxe4 Bg7 23. Rde1 Ra8 24. h4 Qd7 25. Bxg7 Nxg7 26. Rxe8+ Nxe8 27. Ne4
Nd5 28. Ne5 Qd8 29. g3 Nd6 30. Nc5 Qa5 31. Rd1 Nf6 32. Qc1 Qd8 33. Rd3 Nd5 34.
h5 Qe7 35. hxg6 hxg6 36. Ng4 Nf5 37. Rd1 Qe2 38. Ne5 Nxd4 39. Rxd4 Qxe5 40. Rh4
Nf6 41. Qh6 Nh5 42. Nd7 Qg7 43. Qg5 f6 44. Qg4 Re8 45. Qd4 f5 46. Qd6 Re7 47.
Nc5 Qf6 48. Qd8+ Kg7 49. Qd3 Qxb2 50. Nxa4 Qe5 51. Nc3 Nf6 52. Rb4 Ng4 53. Kg2
Qc5 54. Qd2 Ne5 55. Rd4 Qxa3 56. Rd8 Qc5 57. Ne2 Nf7 58. Rd4 Qe5 59. Nf4 b5 60.
Qd1 Ng5 61. Rd6 Ne6 62. Nxe6+ Rxe6 63. Rd8 Re7 64. Qb3 Qe4+ 65. Kh2 Qe6 66. Qc3+
Qe5 67. Qxc6 f4 68. g4 Qc7 69. Qd5 Qc4 70. Qd6 Qe4 71. Qb8 f3 72. Rg8+ Kh6 73.
g5+ Kxg5 74. Qg3+ Kf6 75. Qd6+ Re6 76. Qd8+ Kf5 77. Rf8+ Kg4 78. Qc7 Qe5+ 79.
Qxe5 Rxe5 80. Rd8 Kf4 81. Rd4+ Re4 82. Rd3 g5 83. Rd8 Kg4 84. Rd7 Rc4 85. Rd8 b4
86. Rb8 Kf4 87. Rf8+ Ke4 88. Kg3 Kd3 0-1

[Event "TCh-HUN 2012-13"]
[Site "Szombathely HUN"]
[Date "2012.12.02"]
[Round "5"]
[White "Nagy,Ga1"]
[Black "Nadj Hedjesi,B"]
[Result "1-0"]
[BlackTitle "IM"]
[WhiteElo "2401"]
[BlackElo "2376"]
[WhiteTeam "HVSE"]
[BlackTeam "Hungaropharma Decs"]
[WhiteFideId "737119"]
[BlackFideId "934003"]
[EventDate "2012.09.16"]
[EventType "team-tourn"]

1. d4 Nf6 2. c4 e6 3. Nc3 Bb4 4. e3 Bxc3+ 5. bxc3 b6 6. Bd3 Bb7 7. f3 O-O 8. Ne2
d6 9. O-O e5 10. e4 Nbd7 11. Bg5 h6 12. Be3 Re8 13. Qd2 Nf8 14. Ng3 Bc8 15. h3
c5 16. f4 exd4 17. cxd4 cxd4 18. Bxd4 Ne6 19. Be3 Nc5 20. Bxc5 bxc5 21. Rae1 Nd7
22. Qc3 Nf8 23. Nh5 Ne6 24. e5 Qh4 25. Be4 Rb8 26. Ng3 dxe5 27. Nf5 Qd8 28. Qxe5
Qc7 29. Bd5 Qxe5 30. Rxe5 Rb6 31. Rfe1 Kf8 32. Ng3 Rd8 33. f5 Nf4 34. Be4 Rb2
35. Bc6 Bd7 36. Bxd7 Rxg2+ 37. Kh1 1-0

[Event "TCh-HUN 2012-13"]
[Site "Szombathely HUN"]
[Date "2012.12.02"]
[Round "5"]
[White "Pataki,G"]
[Black "Csonka,A1"]
[Result "1/2-1/2"]
[WhiteTitle "IM"]
[BlackTitle "IM"]
[WhiteElo "2367"]
[BlackElo "2423"]
[WhiteTeam "Hungaropharma Decs"]
[BlackTeam "HVSE"]
[WhiteFideId "718610"]
[BlackFideId "716529"]
[EventDate "2012.09.16"]
[EventType "team-tourn"]

1. d4 Nf6 2. c4 e6 3. Nc3 Bb4 4. Qc2 d5 5. cxd5 exd5 6. Bg5 h6 7. Bxf6 Qxf6 8.
a3 Bxc3+ 9. Qxc3 O-O 10. e3 Bf5 11. Ne2 Nd7 1/2-1/2

[Event "TCh-HUN 2012-13"]
[Site "Szombathely HUN"]
[Date "2012.12.02"]
[Round "5"]
[White "Sebestyen,Bala"]
[Black "Kiss,At"]
[Result "1/2-1/2"]
[WhiteTitle "FM"]
[BlackTitle "IM"]
[WhiteElo "2289"]
[BlackElo "2356"]
[WhiteTeam "Hungaropharma Decs"]
[BlackTeam "HVSE"]
[WhiteFideId "722367"]
[BlackFideId "700630"]
[EventDate "2012.09.16"]
[EventType "team-tourn"]

1. Nf3 Nf6 2. g3 d5 3. Bg2 c6 4. O-O Bg4 5. d3 Nbd7 6. Nbd2 e5 7. e4 dxe4 8.
dxe4 Be7 9. h3 Bh5 10. Qe1 O-O 11. Nh4 Re8 1/2-1/2

[Event "TCh-HUN 2012-13"]
[Site "Szombathely HUN"]
[Date "2012.12.02"]
[Round "5"]
[White "Rachela,M"]
[Black "Eltigani,O"]
[Result "1/2-1/2"]
[WhiteTitle "IM"]
[BlackTitle "FM"]
[WhiteElo "2364"]
[BlackElo "2295"]
[WhiteTeam "HVSE"]
[BlackTeam "Hungaropharma Decs"]
[WhiteFideId "14903180"]
[BlackFideId "738794"]
[EventDate "2012.09.16"]
[EventType "team-tourn"]

1. Nf3 Nf6 2. c4 c6 3. b3 g6 4. Bb2 Bg7 5. g3 d6 6. Bg2 Bf5 7. O-O Qc8 8. Re1
O-O 9. d3 c5 10. a3 Nc6 11. Nbd2 Rb8 12. b4 cxb4 13. axb4 Nxb4 14. Rxa7 Nc6 15.
Ra3 b5 16. Nd4 Nxd4 17. Bxd4 Bh3 18. Bf3 bxc4 19. Nxc4 Bg4 20. Bh1 Rb4 21. Qa1
Qe6 22. Ra8 Rbb8 23. Rxb8 Rxb8 24. Qa7 Re8 25. Ne3 Bh3 26. Rb1 Qc8 27. Qa3 e5
28. Ba7 Bf8 29. Nd5 Nxd5 30. Bxd5 Qc2 31. Qb3 Qxb3 32. Rxb3 Be6 33. Bxe6 Rxe6
34. Rb8 Re7 35. Be3 Kg7 36. Rd8 Rb7 37. Bg5 Rb5 38. f4 exf4 39. Bxf4 Rd5 40. Kf2
Be7 41. Re8 Bf6 42. Kf3 g5 43. Be3 h6 44. Bb6 Bc3 45. Ke4 Rb5 46. Bc7 f5+ 47.
Kf3 Re5 48. Rxe5 dxe5 49. e4 g4+ 50. Ke2 Bd4 51. exf5 Kf6 52. Bd6 Kxf5 53. Bc7
Bc5 54. Ba5 h5 55. Bd2 Be7 56. Be1 Ke6 57. Bf2 Kd5 58. Kf1 Kc6 59. Ke2 Bd8 60.
Kf1 Ba5 61. Ke2 Bc3 62. Be3 Kb5 63. Bg5 Bd4 64. Bf6 Kb4 65. Kd2 Kb3 66. Bg7 Kb4
67. Bf6 Kc5 68. Ke2 Kd5 69. Bg5 Bc3 70. Bf6 Ke6 71. Bg5 Ba5 72. Be3 Bd8 73. Bf2
Kf5 74. Be1 Bb6 1/2-1/2

[Event "TCh-HUN 2012-13"]
[Site "Szombathely HUN"]
[Date "2012.12.02"]
[Round "5"]
[White "Amstadt,A"]
[Black "Vidovic,S"]
[Result "1-0"]
[BlackTitle "FM"]
[WhiteElo "2271"]
[BlackElo "2365"]
[WhiteTeam "Hungaropharma Decs"]
[BlackTeam "HVSE"]
[WhiteFideId "736007"]
[BlackFideId "14505010"]
[EventDate "2012.09.16"]
[EventType "team-tourn"]

1. Nf3 Nf6 2. c4 d6 3. Nc3 e5 4. g3 Be7 5. Bg2 O-O 6. O-O c6 7. d4 Nbd7 8. e4 a6
9. h3 Qc7 10. Be3 Re8 11. Qc2 Nf8 12. Rad1 Ng6 13. Rd2 Bf8 14. c5 exd4 15. cxd6
Bxd6 16. Nxd4 Ne5 17. b3 c5 18. Ndb5 axb5 19. Nxb5 Qa5 20. Nxd6 Rf8 21. f4 Nc6
22. e5 Ne8 23. Qxc5 Qa6 24. b4 Nxd6 25. exd6 Nb8 26. f5 Nd7 27. Qd4 Qb5 28. f6
Nxf6 29. Rxf6 gxf6 30. Qxf6 Qf5 31. Bd4 Qxf6 32. Bxf6 Bd7 33. Rd5 Rfe8 34. Rg5+
Kf8 35. Bd5 Be6 36. d7 Bxd7 37. Rg7 Re1+ 38. Kf2 Re6 39. Bxe6 Bxe6 40. Rxh7
Rxa2+ 41. Ke3 Ke8 42. h4 Kd7 43. Rh8 Bd5 44. Kd4 Bc6 45. h5 Ke6 46. Bh4 Rd2+ 47.
Kc3 Rd5 48. g4 f5 49. g5 Rd1 50. g6 Rg1 51. Rd8 Ke5 52. h6 1-0

[Event "TCh-HUN 2012-13"]
[Site "Szombathely HUN"]
[Date "2012.12.02"]
[Round "5"]
[White "Ruck,T"]
[Black "Veszpremi,A"]
[Result "1-0"]
[WhiteTitle "FM"]
[WhiteElo "2296"]
[BlackElo "2261"]
[WhiteTeam "HVSE"]
[BlackTeam "Hungaropharma Decs"]
[WhiteFideId "706973"]
[BlackFideId "730270"]
[EventDate "2012.09.16"]
[EventType "team-tourn"]

1. e4 c5 2. Nf3 Nc6 3. d4 cxd4 4. Nxd4 g6 5. c4 Nf6 6. Nc3 Nxd4 7. Qxd4 d6 8.
Be3 Bg7 9. f3 O-O 10. Qd2 Be6 11. Rc1 Qa5 12. Be2 Rfc8 13. b3 a6 14. Na4 Qxd2+
15. Kxd2 Nd7 16. g4 Rc6 17. h3 Kf8 18. f4 Nc5 19. Nxc5 dxc5 20. e5 f6 21. Bf3
Rc7 22. exf6 Bxf6 23. Ke2 Rd8 24. Rhd1 Bd4 25. Bxd4 cxd4 26. Kd3 Bc8 27. Re1 b6
28. Re5 e6 29. c5 b5 30. c6 Rd6 31. Bg2 Bd7 32. Rec5 Be8 33. a4 bxa4 34. bxa4
Ke7 35. R5c4 Rd8 36. Rb1 g5 37. Rb7 Rc8 38. Kxd4 Kd6 39. Rxc7 Rxc7 40. fxg5 e5+
41. Ke3 a5 42. h4 Bf7 43. Rc3 Be6 44. Be4 Bxg4 45. Rb3 Bc8 46. Rb5 Ra7 47. Rd5+
Ke6 48. Rd8 1-0

[Event "TCh-HUN 2012-13"]
[Site "Szombathely HUN"]
[Date "2012.12.02"]
[Round "5"]
[White "Straubinger,D"]
[Black "Nemeth,De"]
[Result "1-0"]
[WhiteElo "2268"]
[BlackElo "2221"]
[WhiteTeam "Hungaropharma Decs"]
[BlackTeam "HVSE"]
[WhiteFideId "738573"]
[BlackFideId "737631"]
[EventDate "2012.09.16"]
[EventType "team-tourn"]

1. e4 c5 2. Nf3 d6 3. c3 Nf6 4. h3 Nc6 5. Bd3 e6 6. O-O Be7 7. Bc2 O-O 8. Re1
Qc7 9. d4 Rd8 10. Nbd2 cxd4 11. cxd4 b6 12. Nf1 Ba6 13. Bd2 Rac8 14. Rc1 Qb8 15.
Bc3 h6 16. d5 Ne5 17. dxe6 Nxf3+ 18. Qxf3 fxe6 19. Bb3 Rc5 20. Bxe6+ Kh8 21. Ng3
Rf8 22. Nf5 Qc7 23. Qg3 Bd8 24. Qxd6 Re8 25. Qxc7 Bxc7 26. Bxf6 gxf6 27. Rxc5
bxc5 28. Bd5 Be5 29. b3 Bc8 30. Ne3 f5 31. Nc4 Bc3 32. Rc1 Bd4 33. Nd6 Rf8 34.
Nxc8 fxe4 35. Rc2 e3 36. Kf1 Rxc8 37. f4 Rf8 38. g3 h5 39. h4 Kg7 40. Ke2 Rd8
41. Be4 Kh6 42. Bd3 Rg8 43. Kf3 Rg7 44. Rc4 a5 45. Be2 Re7 46. Rc2 Kg6 47. Bd3+
Kf6 48. Rg2 Re8 49. Ke2 Rg8 50. Be4 Rg7 51. Kd3 Rg8 52. Bf3 Rh8 53. a3 Rb8 54.
Kc4 Kg6 55. Be4+ Kf6 56. Bd3 Rb6 57. g4 hxg4 58. Rxg4 Rb8 59. Rg6+ Kf7 60. Ra6
Rh8 61. h5 Kg7 62. Rg6+ Kf7 63. Rg5 Kf6 64. b4 axb4 65. axb4 Re8 66. Rg6+ Kf7
67. Rg2 e2 68. Bxe2 Be3 69. bxc5 Rc8 70. Rg5 Kf6 71. Bg4 Rd8 72. Rg6+ Kf7 73.
Be6+ Ke7 74. f5 Rh8 75. Bd5 Bf4 76. f6+ Kf8 77. f7 1-0

[Event "TCh-HUN 2012-13"]
[Site "Szombathely HUN"]
[Date "2012.12.02"]
[Round "5"]
[White "Horvath,Re"]
[Black "Toth,Sar"]
[Result "0-1"]
[BlackTitle "WFM"]
[WhiteElo "2003"]
[BlackElo "2150"]
[WhiteTeam "HVSE"]
[BlackTeam "Hungaropharma Decs"]
[WhiteFideId "724971"]
[BlackFideId "730343"]
[EventDate "2012.09.16"]
[EventType "team-tourn"]

1. e4 e5 2. Nf3 Nc6 3. Bb5 Nf6 4. d3 d6 5. c3 Bd7 6. O-O Be7 7. h3 O-O 8. Be3
Re8 9. Nbd2 Bf8 10. Ba4 h6 11. Re1 a6 12. Nf1 d5 13. Bb3 Be6 14. Qc2 dxe4 15.
dxe4 Qe7 16. Ng3 Na5 17. Nf5 Bxf5 18. exf5 Nxb3 19. Qxb3 Qd7 20. Nh4 Qd5 21. c4
Qc6 22. Rad1 Rad8 23. Bc1 Nd7 24. Qg3 Nc5 25. b3 e4 26. Bb2 Nd3 27. Ba1 Nxe1 28.
Rxe1 Qd6 29. f6 Qxg3 30. fxg3 gxf6 31. Nf5 Rd3 32. Bd4 Rxd4 33. Nxd4 Bc5 0-1

[Event "TCh-HUN 2012-13"]
[Site "Budapest HUN"]
[Date "2012.12.02"]
[Round "5"]
[White "Nestorovic,N"]
[Black "Horvath,Cs1"]
[Result "1/2-1/2"]
[WhiteTitle "IM"]
[BlackTitle "GM"]
[WhiteElo "2430"]
[BlackElo "2526"]
[WhiteTeam "Toth Laszlo SE"]
[BlackTeam "Penzugyor SE"]
[WhiteFideId "934526"]
[BlackFideId "700118"]
[EventDate "2012.09.16"]
[EventType "team-tourn"]

1. e4 c5 2. Nf3 e6 3. c4 Nc6 4. Nc3 Nd4 5. Nxd4 cxd4 6. Nb5 e5 7. Be2 a6 8. Na3
Nf6 9. d3 Bb4+ 10. Bd2 Bxd2+ 11. Qxd2 d6 12. O-O O-O 13. f4 Nd7 14. b4 f6 15.
Bg4 Nb6 16. Bd1 Be6 1/2-1/2

[Event "TCh-HUN 2012-13"]
[Site "Budapest HUN"]
[Date "2012.12.02"]
[Round "5"]
[White "Nestorovic,De"]
[Black "Hera,I"]
[Result "0-1"]
[WhiteTitle "IM"]
[BlackTitle "GM"]
[WhiteElo "2438"]
[BlackElo "2570"]
[WhiteTeam "Toth Laszlo SE"]
[BlackTeam "Penzugyor SE"]
[WhiteFideId "904279"]
[BlackFideId "716855"]
[EventDate "2012.09.16"]
[EventType "team-tourn"]

1. d4 Nf6 2. c4 e6 3. Nf3 d5 4. Bg5 dxc4 5. Nc3 Bb4 6. e4 h6 7. Bxf6 Qxf6 8.
Bxc4 O-O 9. O-O c5 10. e5 Qd8 11. d5 Bxc3 12. bxc3 exd5 13. Bxd5 Nc6 14. Bxc6
bxc6 15. Qa4 Qb6 16. Rfd1 Rb8 17. Nd2 Be6 18. Ne4 c4 19. Qa3 Bd5 20. Nd6 f6 21.
Nf5 fxe5 22. Ne3 Qb2 23. Qxb2 Rxb2 24. f3 e4 25. fxe4 Bxe4 26. Rd4 Re8 27. Re1
Bd5 28. a4 Ra2 29. Kf1 Be4 30. Re2 Bd3 31. Rxd3 Rxe2 0-1

[Event "TCh-HUN 2012-13"]
[Site "Budapest HUN"]
[Date "2012.12.02"]
[Round "5"]
[White "Tesik,C"]
[Black "Seres,L"]
[Result "1/2-1/2"]
[WhiteTitle "FM"]
[BlackTitle "GM"]
[WhiteElo "2366"]
[BlackElo "2453"]
[WhiteTeam "Toth Laszlo SE"]
[BlackTeam "Penzugyor SE"]
[WhiteFideId "735582"]
[BlackFideId "701254"]
[EventDate "2012.09.16"]
[EventType "team-tourn"]

1. e4 c5 2. Nf3 Nc6 3. d4 cxd4 4. Nxd4 g6 5. Nc3 Bg7 6. Be3 Nf6 7. Bc4 O-O 8.
Bb3 d6 9. f3 Bd7 10. Qd2 Nxd4 11. Bxd4 b5 12. a3 a5 13. O-O a4 14. Ba2 Qa5 15.
Rad1 b4 16. axb4 Qxb4 17. Nb1 Rfb8 18. Na3 Bc6 19. Rf2 Qxd2 20. Rdxd2 Nd7 21.
Bxg7 Kxg7 22. c3 Ra5 23. Rfe2 Rc5 24. Rd4 Ne5 25. Kf2 g5 26. Ke3 h5 1/2-1/2

[Event "TCh-HUN 2012-13"]
[Site "Budapest HUN"]
[Date "2012.12.02"]
[Round "5"]
[White "Bokros,A"]
[Black "Hajnal,Z"]
[Result "1/2-1/2"]
[WhiteTitle "IM"]
[BlackTitle "IM"]
[WhiteElo "2458"]
[BlackElo "2384"]
[WhiteTeam "Penzugyor SE"]
[BlackTeam "Toth Laszlo SE"]
[WhiteFideId "710458"]
[BlackFideId "717754"]
[EventDate "2012.09.16"]
[EventType "team-tourn"]

1. e4 e5 2. Nf3 Nc6 3. Bb5 a6 4. Ba4 Nf6 5. O-O Be7 6. Re1 b5 7. Bb3 d6 8. c3
O-O 9. d3 Na5 10. Bc2 c5 11. Nbd2 Nc6 12. Nf1 Re8 13. Ng3 h6 14. h3 Be6 15. d4
cxd4 16. cxd4 exd4 17. Nxd4 Nxd4 18. Qxd4 Rc8 19. Bb3 Bxb3 20. axb3 d5 21. e5
Bc5 22. Qd2 Qb6 23. Kf1 Ne4 24. Nxe4 dxe4 25. Rxe4 Rcd8 26. Qe2 Rd4 27. Rxd4
Bxd4 28. Bf4 f6 29. Rc1 fxe5 30. Be3 Bxe3 1/2-1/2

[Event "TCh-HUN 2012-13"]
[Site "Budapest HUN"]
[Date "2012.12.02"]
[Round "5"]
[White "Varasdy,I"]
[Black "Tatar Kis,S"]
[Result "0-1"]
[WhiteTitle "IM"]
[BlackTitle "IM"]
[WhiteElo "2336"]
[BlackElo "2370"]
[WhiteTeam "Toth Laszlo SE"]
[BlackTeam "Penzugyor SE"]
[WhiteFideId "700460"]
[BlackFideId "702595"]
[EventDate "2012.09.16"]
[EventType "team-tourn"]

1. d4 Nf6 2. c4 g6 3. Nc3 Bg7 4. e4 d6 5. f3 O-O 6. Be3 a6 7. Qd2 Nc6 8. Nge2
Rb8 9. Rc1 Bd7 10. Bh6 Bxh6 11. Qxh6 b5 12. cxb5 axb5 13. h4 e5 14. h5 Qe7 15.
g4 Nxd4 16. Bg2 b4 17. Nxd4 bxc3 18. Nb3 cxb2 19. Rb1 c5 20. Bf1 Be6 21. Qe3 c4
22. Nd2 d5 23. exd5 Nxd5 24. Qh6 c3 25. Nc4 g5 26. Bd3 f6 0-1

[Event "TCh-HUN 2012-13"]
[Site "Budapest HUN"]
[Date "2012.12.02"]
[Round "5"]
[White "Bakos,B"]
[Black "Siklosi,Z"]
[Result "1-0"]
[WhiteTitle "FM"]
[BlackTitle "IM"]
[WhiteElo "2376"]
[BlackElo "2329"]
[WhiteTeam "Penzugyor SE"]
[BlackTeam "Toth Laszlo SE"]
[WhiteFideId "725773"]
[BlackFideId "700380"]
[EventDate "2012.09.16"]
[EventType "team-tourn"]

1. d4 d5 2. c4 c6 3. Nf3 Nf6 4. Nc3 dxc4 5. a4 e6 6. e3 c5 7. Bxc4 Nc6 8. O-O
Be7 9. Qe2 cxd4 10. exd4 O-O 11. Rd1 Nd5 12. Ne5 Ncb4 13. Ne4 f6 14. Nd3 Nxd3
15. Rxd3 Rf7 16. Bd2 Bd7 17. Nc3 Rc8 18. b3 Nxc3 19. Bxc3 Bd6 20. Re3 Qc7 21. g3
Re7 22. Re1 Rce8 23. f4 Kh8 24. Qd2 g6 25. Qf2 Kg7 26. R1e2 a6 27. a5 b5 28.
axb6 Qxb6 29. g4 Qc7 30. g5 Bxf4 31. gxf6+ Kxf6 32. Re5 g5 33. Bd2 Kg7 34. Bxf4
gxf4 35. Qxf4 Kh8 36. Rg2 Bc6 37. d5 Rf7 1-0

[Event "TCh-HUN 2012-13"]
[Site "Budapest HUN"]
[Date "2012.12.02"]
[Round "5"]
[White "Varga,Kl"]
[Black "Korpa,B"]
[Result "1-0"]
[WhiteTitle "WIM"]
[BlackTitle "FM"]
[WhiteElo "2200"]
[BlackElo "2336"]
[WhiteTeam "Toth Laszlo SE"]
[BlackTeam "Penzugyor SE"]
[WhiteFideId "733210"]
[BlackFideId "706671"]
[EventDate "2012.09.16"]
[EventType "team-tourn"]

1. c4 e5 2. g3 Nf6 3. Bg2 c6 4. d4 Bb4+ 5. Bd2 Bxd2+ 6. Qxd2 e4 7. Nc3 d5 8. Rc1
O-O 9. e3 Bf5 10. b3 Qd7 11. h3 Na6 12. g4 Be6 13. cxd5 cxd5 14. Nge2 Nb4 15.
Nxe4 dxe4 16. Qxb4 Nd5 17. Qd2 f5 18. Ng3 g6 19. g5 Rac8 20. h4 Qd6 21. O-O h6
22. gxh6 Qe7 23. h5 gxh5 24. Nxh5 Qg5 25. Nf4 Rf6 26. Rc5 Nxf4 27. exf4 Qh4 28.
Rc3 Kh7 29. Rh3 Qg4 30. Rc1 Rg8 31. Rc7+ Bf7 32. Rg3 Qh5 33. d5 Rxh6 34. d6 Qh2+
35. Kf1 Rxg3 36. Rxf7+ Kg6 37. fxg3 Kxf7 38. d7 Rh8 39. d8=Q Rxd8 40. Qxd8 Qxg3
41. Qd5+ Kf6 42. Qe5+ Kg6 43. Qe6+ Kg7 44. Qxf5 1-0

[Event "TCh-CZE Div1 Zapad 2012-13"]
[Site "Czech Republic CZE"]
[Date "2012.10.28"]
[Round "1.1"]
[White "Rausis,I"]
[Black "Docekal,J"]
[Result "1/2-1/2"]
[WhiteTitle "GM"]
[WhiteElo "2511"]
[BlackElo "2321"]
[WhiteTeam "SK AD Jicin"]
[BlackTeam "SK Sokol Vysehrad"]
[WhiteFideId "11600098"]
[BlackFideId "320625"]
[EventDate "2012.10.28"]

1. d4 c5 2. d5 e5 3. e4 d6 4. c4 Be7 5. Nf3 Nf6 6. Nc3 O-O 7. h3 Na6 8. Be3 Nc7
9. Bd3 a6 10. a4 b6 11. b3 Rb8 12. Nd2 Nfe8 13. h4 g6 14. h5 Bg5 15. Qe2 Bxe3
16. Qxe3 g5 17. h6 Kh8 18. f3 Rg8 19. g4 Rg6 20. Nf1 Nf6 21. Ra2 Ng8 22. Ng3 Ne7
23. Nf5 Rg8 24. Rh5 f6 25. Nxe7 Qxe7 26. Rb2 a5 27. Rbh2 Bd7 28. Nb5 Na6 29. Nc3
Rb7 30. Ne2 Be8 31. R5h3 Bf7 32. Ng3 Nb8 33. Nf5 Qf8 34. Rh1 Qd8 35. R3h2 Qc7
36. Rc2 Nd7 37. Bf1 Nf8 38. Ng3 Ng6 39. Nh5 Qd8 40. Ng3 Qf8 41. Nh5 Be8 42. Rch2
Bd7 43. Bd3 Bc8 44. Ng3 Re7 45. Bf1 Bd7 46. Bd3 Nf4 47. Kd1 Re8 48. Kc1 Qf7 49.
Bc2 Ng6 50. Nf5 Qf8 51. Bd1 Nf4 52. Ng3 Rc8 53. Kb1 Be8 54. Nf5 Bg6 55. Ng3 Qd8
56. Qc3 Qd7 57. Ne2 Qf7 58. Ng3 Rge8 59. Nf1 Ra8 60. Ne3 Reb8 61. Rd2 Qf8 62.
Ng2 Re8 63. Ne3 Ra7 64. Rdh2 Rb8 65. Ra2 Be8 66. Nf5 Bd7 67. Ne3 Ng6 68. Rah2
Qd8 69. Ra2 Qc7 70. Rhh2 Rg8 71. Rh1 Qb8 72. Ng2 Qf8 73. Rd2 Ne7 74. Ne3 Rg6 75.
Rdh2 Ng8 76. Qd2 Bc8 77. Nf5 1/2-1/2

[Event "TCh-CZE Div1 Zapad 2012-13"]
[Site "Czech Republic CZE"]
[Date "2012.10.28"]
[Round "1.2"]
[White "Vlasak,Lu"]
[Black "Rasik,V"]
[Result "0-1"]
[WhiteTitle "FM"]
[BlackTitle "IM"]
[WhiteElo "2330"]
[BlackElo "2516"]
[WhiteTeam "SK Sokol Vysehrad"]
[BlackTeam "SK AD Jicin"]
[WhiteFideId "324752"]
[BlackFideId "300306"]
[EventDate "2012.10.28"]

1. e4 d6 2. d4 Nf6 3. Nc3 g6 4. f4 Bg7 5. Nf3 O-O 6. Be3 b6 7. Be2 Bb7 8. e5 Ng4
9. Qd2 c5 10. dxc5 dxe5 11. fxe5 Qxd2+ 12. Bxd2 Nxe5 13. cxb6 Nxf3+ 14. Bxf3
Bxf3 15. gxf3 axb6 16. a3 Nc6 17. O-O-O Ne5 18. Nd5 e6 19. Nxb6 Ra6 20. f4 Ng4
21. Nd7 Rc8 22. Rdf1 Bxb2+ 23. Kxb2 Rd6 24. Bb4 Rxd7 25. Rf3 Nf6 26. Kb3 Ne4 27.
Rd3 Rxd3+ 28. cxd3 Nf2 29. Rf1 Nxd3 30. Rf3 Nc1+ 31. Kb2 Ne2 32. Rf2 Nd4 33. Rd2
Nf5 34. Kb3 Ne3 35. Rd4 Nd5 36. Rc4 Ra8 37. Bd6 Kg7 38. Be5+ Kh6 39. a4 g5 40.
fxg5+ Kxg5 41. h3 f6 42. Bd6 f5 43. Rc1 f4 44. Rg1+ Kf6 45. h4 Rd8 46. Bc5 Rc8
47. Bd6 Rc3+ 48. Kb2 Rc6 49. Bf8 Kf5 0-1

[Event "TCh-CZE Div1 Zapad 2012-13"]
[Site "Czech Republic CZE"]
[Date "2012.10.28"]
[Round "1.3"]
[White "Voloshin,L"]
[Black "Chloupek,S"]
[Result "1-0"]
[WhiteTitle "GM"]
[WhiteElo "2426"]
[BlackElo "2325"]
[WhiteTeam "SK AD Jicin"]
[BlackTeam "SK Sokol Vysehrad"]
[WhiteFideId "311111"]
[BlackFideId "303518"]
[EventDate "2012.10.28"]

1. d4 Nf6 2. c4 e6 3. Nf3 Bb4+ 4. Nbd2 b6 5. a3 Bxd2+ 6. Qxd2 Bb7 7. b4 d6 8.
Bb2 Nbd7 9. g3 O-O 10. Bg2 Be4 11. O-O c6 12. Rfc1 Qe7 13. Bf1 Rfc8 14. Nh4 b5
15. f3 Bg6 16. cxb5 cxb5 17. e4 Rxc1 18. Rxc1 a6 19. Nxg6 hxg6 20. Rc6 d5 21. e5
Ne8 22. Qc2 Qd8 23. a4 bxa4 24. Qxa4 Nb8 25. Rc3 Ra7 26. b5 Qd7 27. Ra3 Rb7 28.
bxa6 Qxa4 29. Rxa4 Nxa6 30. Ba3 Nb8 31. Rb4 Rxb4 32. Bxb4 Nc6 33. Bc5 Nc7 34.
Kf2 f6 35. f4 Kf7 36. Ke3 Ne7 37. Bd3 Nf5+ 38. Kf3 Ne8 39. g4 Nh6 40. Bb6 Ng8
41. Bd8 f5 42. g5 Ne7 43. Bb5 Nc8 44. Bd7 Ne7 45. Ke3 Ng8 46. Kd3 1-0